000 01331nam a2200337Ia 4500
001 ebr10370300
003 CaPaEBR
006 m u
007 cr cn|||||||||
008 090827s2010 nyua sb 001 0 eng d
010 _z 2009033305
020 _z9780814415320
020 _z0814415326
040 _aCaPaEBR
_cCaPaEBR
035 _a(OCoLC)560338509
050 1 4 _aHD58.82
_b.J85 2010eb
082 0 4 _a658.3/124
_222
100 1 _aJulian, Jerry.
245 1 0 _aFacilitating project performance improvement
_h[electronic resource] :
_ba practical guide to multi-level learning /
_cJerry Julian.
260 _aNew York :
_bAMACOM,
_cc2010.
300 _axiv, 208 p. :
_bill.
490 1 _aThe adult learning theory and practice book series
504 _aIncludes bibliographical references and index.
533 _aElectronic reproduction.
_bPalo Alto, Calif. :
_cebrary,
_d2011.
_nAvailable via World Wide Web.
_nAccess may be limited to ebrary affiliated libraries.
650 0 _aOrganizational learning.
650 0 _aProject management.
655 7 _aElectronic books.
_2local
710 2 _aebrary, Inc.
830 0 _aAdult learning theory and practice book series.
856 4 0 _uhttp://site.ebrary.com/lib/rucke/Doc?id=10370300
_zAn electronic book accessible through the World Wide Web; click to view
999 _c109628
_d109628